[Event "Romanian-ch Women 2022"]
[Site "Eforie Nord"]
[Date "2022.02.22"]
[Round "3.11"]
[White "Schiopu, Oana-Magdalena"]
[Black "Nikanova, Ekaterina"]
[Result "0-1"]
[WhiteElo "1534"]
[BlackElo "1935"]
[Annotator "ChessBase"]
[PlyCount "100"]
[EventDate "2022.02.20"]
[EventType "swiss"]
[EventCountry "ROU"]
[SourceTitle "playchess.com"]
[Source "ChessBase"]
[SourceQuality "1"]
[TimeControl "40/5400+30:900+30"]

1. e4 {[%emt 0:00:04]} Nf6 {[%emt 0:00:50]} 2. e5 {[%emt 0:00:39]} Nd5 {[%emt 0:00:06]} 3. d4 {[%emt 0:00:48]} d6 {[%emt 0:00:05]} 4. exd6 {[%emt 0:02:29]} cxd6 {[%emt 0:00:46]} 5. Nf3 {[%emt 0:01:24]} Nb6 {[%emt 0:01:11]} 6. Nc3 {[%emt 0:03:16]} g6 {[%emt 0:01:37]} 7. Bb5+ {[%emt 0:05:24]} Bd7 {[%emt 0:08:43]} 8. O-O {[%emt 0:01:58]} Bg7 {[%emt 0:03:53]} 9. Bxd7+ {[%emt 0:06:40]} Qxd7 {[%emt 0:00:45]} 10. Re1 {[%emt 0:01:13]} h6 {[%emt 0:05:59]} 11. Bf4 {[%emt 0:05:08]} O-O {[%emt 0:02:21]} 12. Qe2 {[%emt 0:10:30]} Re8 {[%emt 0:04:21]} 13. Rad1 {[%emt 0:03:28]} Nc6 {[%emt 0:07:07]} 14. Qd2 {[%emt 0:06:36]} g5 {[%emt 0:04:20]} 15. Be3 {[%emt 0:01:52]} Nc4 {[%emt 0:08:33]} 16. Qc1 {[%emt 0:00:35]} d5 {[%emt 0:02:05]} 17. b3 {[%emt 0:04:00]} Nb6 {[%emt 0:03:56]} 18. h4 {[%emt 0:04:59]} f6 {[%emt 0:03:54]} 19. hxg5 {[%emt 0:02:28]} hxg5 {[%emt 0:03:13]} 20. Bxg5 {[%emt 0:00:59]} fxg5 {[%emt 0:01:22]} 21. Qxg5 {[%emt 0:00:17]} Rf8 {[%emt 0:04:58]} 22. Nh4 {[%emt 0:04:08]} Qd6 {[%emt 0:07:25]} 23. Ng6 {[%emt 0:05:32]} Rf7 {[%emt 0:04:27]} 24. Ne5 {[%emt 0:06:39]} Nxe5 {[%emt 0:01:25]} 25. dxe5 {[%emt 0:00:08]} Qc5 {[%emt 0:05:47]} 26. Qe3 {[%emt 0:03:32]} Qxe3 {[%emt 0:01:42]} 27. Rxe3 {[%emt 0:00:07]} e6 {[%emt 0:02:45]} 28. g3 {[%emt 0:01:45]} Bf8 {[%emt 0:01:35]} 29. Kg2 {[%emt 0:01:16]} Rc8 {[%emt 0:01:15]} 30. Rd4 {[%emt 0:02:43]} Bc5 {[%emt 0:01:51]} 31. Rg4+ {[%emt 0:00:10]} Rg7 {[%emt 0:00:53]} 32. Rxg7+ {[%emt 0:00:35]} Kxg7 {[%emt 0:00:03]} 33. Re2 {[%emt 0:00:27]} Bxf2 {[%emt 0:03:57]} 34. Nb5 {[%emt 0:06:12]} Bc5 {[%emt 0:00:54]} 35. Nxa7 {[%emt 0:00:29]} Ra8 {[%emt 0:00:59]} 36. Nb5 {[%emt 0:00:15]} Rxa2 {[%emt 0:00:44]} 37. g4 {[%emt 0:00:57]} Ra1 {[%emt 0:01:42]} 38. Nd6 {[%emt 0:01:52]} Bxd6 {[%emt 0:00:59]} 39. exd6 {[%emt 0:00:06]} Kf7 {[%emt 0:00:19]} 40. g5 {[%emt 0:00:00]} Ra8 {[%emt 0:00:00]} 41. g6+ {[%emt 0:01:04]} Kf6 {[%emt 0:02:13]} 42. Kf3 {[%emt 0:01:24]} Rg8 {[%emt 0:00:57]} 43. Ke3 {[%emt 0:00:45]} e5 {[%emt 0:05:08]} 44. Rh2 {[%emt 0:03:07]} Rxg6 {[%emt 0:01:37]} 45. Rh7 {[%emt 0:00:12]} Rg3+ {[%emt 0:01:29]} 46. Kd2 {[%emt 0:00:07]} Rg7 {[%emt 0:00:31]} 47. Rh6+ {[%emt 0:00:30]} Kg5 {[%emt 0:03:14]} 48. Re6 {[%emt 0:00:23]} Nd7 {[%emt 0:00:23]} 49. c4 {[%emt 0:01:15]} dxc4 {[%emt 0:00:26]} 50. bxc4 {[%emt 0:00:08]} Rg6 {[%emt 0:01:00]} 0-1

[Event "Romanian-ch Women 2022"]
[Site "Eforie Nord"]
[Date "2022.02.22"]
[Round "3.12"]
[White "Bucur, Denisa-Andreea"]
[Black "Anghel, Maria"]
[Result "1/2-1/2"]
[WhiteElo "2023"]
[BlackElo "1834"]
[Annotator "TA"]
[PlyCount "145"]
[EventDate "2022.02.20"]
[EventType "swiss"]
[EventCountry "ROU"]
[SourceTitle "playchess.com"]
[Source "ChessBase"]
[SourceQuality "1"]

{[%evp 9,145,29,22,23,27,23,52,56,61,65,57,58,60,45,54,42,51,20,94,30,55,49,44,24,34,24,21,0,171,35,77,73,141,75,68,59,71,55,62,62,61,25,25,25,49,49,61,7,75,66,117,114,239,247,254,203,287,295,650,643,685,748,593,483,628,426,404,453,472,345,412,350,288,346,450,364,320,323,409,402,618,626,1212,1104,1998,477,753,684,1435,1448,2232,2070,1529,897,841,228,224,207,1124,1015,1074,970,992,877,829,827,725,663,674,281,279,0,0,0,598,517,4542,3220,2406,1910,29988,8110,29953,11907,1009,1463,1685,992,29965,1013,757,0,1828,732,600,566,423,247]} 1. Nf3 Nf6 2. b3 d6 3. d4 c5 4. e3 Nbd7 5. Bb2 g6 6. c4 {A46: 1 d4 Nf6 2 Nf3 e6: Torre, London and Colle Systems.} Bg7 7. g3 {[#]} Ne4 $146 ({Predecessor:} 7... O-O 8. Bg2 Rb8 9. Nc3 a6 10. Qe2 Re8 11. d5 b5 12. cxb5 axb5 13. O-O b4 {0-1 (46) Mantati,V (1565)-Pesa,M (1831) Bloemfontein 2018}) 8. Bg2 {White is slightly better.} Qa5+ 9. Nfd2 Ndf6 10. O-O Nxd2 11. Nxd2 O-O 12. a3 Qc7 13. Qe2 e6 (13... Bg4 $11 {remains equal.} 14. f3 Bd7) 14. Nf3 {White is more active.} (14. dxc5 $16 dxc5 15. f4) 14... Bd7 15. dxc5 Qxc5 16. b4 Qc7 17. Rac1 a6 18. e4 Bc6 $2 (18... e5 $11) 19. Nd4 ({Only move:} 19. b5 $18 Be8 20. e5 dxe5 21. Bxe5) 19... e5 (19... Ba4 $14) 20. Nxc6 $16 bxc6 (20... Qxc6 $142 21. c5 Rfd8) 21. Rfd1 ({White should play} 21. c5) 21... c5 22. Bc3 Rfe8 23. Qb2 Nd7 24. Qd2 Bf8 25. bxc5 Nxc5 26. Qd5 a5 27. Rb1 Rab8 28. Bd2 (28. Rb5 $14) 28... Rec8 (28... Rb3 $11 29. Rxb3 Nxb3) 29. Rb5 Rxb5 (29... Nb3 $14) 30. cxb5 Qb6 (30... Qb7 $16) 31. Bf1 $18 a4 32. h4 h5 (32... Qb7 $142 33. Qxb7 Nxb7) 33. Kg2 Nb3 $2 (33... Rc7 34. Bc4 Qb7) 34. Bc4 Rc7 35. Bxb3 axb3 36. Qxb3 Qb7 37. Qd3 Rc5 38. a4 {[#] Threatens to win with Be3.} d5 39. Bb4 dxe4 40. Qe3 (40. Qd8 e3+ 41. Kh2 {[#]} Rc8 $1 42. Bxf8 Rxd8 43. Rxd8 Qc7 $19) 40... Rc8 41. Bxf8 Rxf8 {[%mdl 4096] Endgame KQR-KQR} 42. Re1 f5 43. Kg1 Kh7 44. Qc5 {[%csl LRe5,LRf8]} Rc8 (44... Rf7 $142 45. Qxe5 Qa7) 45. Qxe5 Qa7 46. Rd1 {Qe6 is the strong threat.} Rc7 47. Qd4 (47. Rd8 $142 {[%csl Gd8][%cal Re5h8]} Rc1+ 48. Kg2) 47... Qb7 (47... Qxd4 $142 48. Rxd4 Rc1+ 49. Kg2 Rb1) 48. b6 Rf7 49. a5 f4 50. Qd5 Qe7 51. Qd6 Qb7 52. Rc1 $2 (52. Qe6 {[%cal Oa5a6] White threatens a6! and mate.} e3 53. fxe3 fxg3 54. e4) 52... e3 53. Rc6 exf2+ $2 (53... Rg7 54. fxe3 (54. gxf4 $2 e2 $19) 54... fxe3) 54. Kxf2 fxg3+ 55. Kxg3 Rg7 56. Rc7 Qe4 57. Rxg7+ Kxg7 {KQ-KQ} 58. Qc7+ Kg8 59. Qf4 {Prevents Qe3+.} (59. b7 Qe3+ 60. Kh2 Qf2+ 61. Kh3 Qf3+ 62. Qg3 (62. Kh2 Qf2+ 63. Kh3 Qf3+ 64. Qg3 Qh1+ 65. Qh2 Qf3+ 66. Qg3 Qh1+ 67. Qh2 Qf3+ 68. Qg3 $11) 62... Qh1+ 63. Qh2 Qf3+ 64. Qg3 Qh1+ 65. Qh2 Qf3+ 66. Qg3 $11) 59... Qe1+ 60. Kh3 $2 ({Better is} 60. Kh2 $18 {Hoping for b7.} Qe2+ 61. Kg1) 60... Qh1+ $11 61. Kg3 Qg1+ $2 {[%mdl 8192]} (61... Qe1+ $1 $11 62. Kf3 Qd1+ 63. Ke4 Qa4+ 64. Ke3 Qb3+ 65. Ke2 Qc2+ 66. Kf3 Qd3+ 67. Kf2 Qc2+ 68. Kf3 Qd3+ 69. Kf2 Qc2+ 70. Kf3) 62. Kf3 $18 {And now Ke4 would win.} Qf1+ (62... Qd1+ $142 63. Ke3 Qb3+ 64. Ke2 Qc2+ 65. Qd2 Qe4+ 66. Qe3 Qc2+ 67. Ke1 Qa4) 63. Ke4 Qe1+ 64. Kd3 Qxa5 65. Qc4+ (65. Qb8+ $142 Kg7 66. Qa7+ Qxa7 67. bxa7 Kf6 68. a8=Q Ke6 69. Qe4+ Kf6 70. Kd4) 65... Kh7 66. Qf7+ Kh6 67. Qf8+ Kh7 68. Qe7+ Kg8 69. Qe8+ (69. b7 $142 Qb5+ 70. Ke3 Qb6+ 71. Kf4 Qf2+ 72. Kg5 Qd2+ 73. Kxg6 Qc2+ 74. Kxh5) 69... Kg7 70. Qe7+ (70. Qd7+ $142 Kh6 71. b7) 70... Kg8 71. Qd8+ (71. b7 $142 Qb5+ 72. Ke3 Qb3+ 73. Kf4 Qc4+ 74. Qe4 Qc1+ 75. Ke5 (75. Kf3 Qh1+ 76. Kf4 Qxh4+ 77. Ke3 Qe1+ 78. Kd4 Qb4+ 79. Ke3 Qe1+ 80. Kf4 Qh4+ 81. Kf3 Qh1+ 82. Kf4 Qh4+ $11) 75... Qc7+ 76. Kf6 Qg7+ 77. Ke6 (77. Kg5 Kh7 $16) 77... Qf7+ 78. Kd6 Qf8+ 79. Kd7 Qg7+ 80. Kc6 Qc3+ 81. Kd6 Qa3+ 82. Kd7) 71... Kh7 72. Qc7+ Kh6 73. Qf4+ {Weighted Error Value: White=0.62/Black=0.42} (73. Qc1+ $142 Kh7 74. Qc7+ Kh6 75. Qf4+ Kg7 76. Qd4+ Kh7 77. Qd7+ Kh6 78. b7) 1/2-1/2

[Event "Romanian-ch Women 2022"]
[Site "Eforie Nord"]
[Date "2022.02.22"]
[Round "4.1"]
[White "Sandu, Mihaela"]
[Black "Bulmaga, Irina"]
[Result "1-0"]
[WhiteElo "2269"]
[BlackElo "2390"]
[Annotator "NA"]
[PlyCount "119"]
[EventDate "2022.02.20"]
[EventType "swiss"]
[EventCountry "ROU"]
[SourceTitle "playchess.com"]
[Source "ChessBase"]
[SourceQuality "1"]
[TimeControl "40/5400+30:900+30"]

1. e4 {[%emt 0:00:03]} e5 {[%emt 0:00:12]} 2. Nf3 {[%emt 0:00:05]} Nc6 {[%emt 0:00:07]} 3. Bc4 {[%emt 0:00:03]} Bc5 {[%emt 0:00:10]} 4. c3 {[%emt 0:00:11]} Nf6 {[%emt 0:00:13]} 5. d3 {[%emt 0:00:09]} d6 {[%emt 0:00:23]} 6. Bb3 {[%emt 0:00:49]} a5 {[%emt 0:01:53]} 7. Nbd2 {[%emt 0:01:34]} O-O {[%emt 0:00:22]} 8. O-O {[%emt 0:00:27]} h6 {[%emt 0:01:47]} 9. h3 {[%emt 0:01:53]} Be6 {[%emt 0:03:10]} 10. Re1 {[%emt 0:05:29]} Bxb3 {[%emt 0:02:13]} 11. Qxb3 {[%emt 0:00:16]} Qd7 {[%emt 0:01:26]} 12. Nf1 {[%emt 0:04:16]} a4 {[%emt 0:02:22]} 13. Qc2 {[%emt 0:01:54]} Rfe8 {[%emt 0:06:02]} 14. Rb1 {[%emt 0:11:18]} d5 {[%emt 0:06:24]} 15. b4 {[%emt 0:00:35]} axb3 {[%emt 0:02:12]} 16. axb3 {[%emt 0:00:04]} b5 {[%emt 0:11:58]} 17. b4 {[%emt 0:01:48]} Bf8 {[%emt 0:08:41]} 18. Bd2 {[%emt 0:04:17]} dxe4 {[%emt 0:07:29]} 19. dxe4 {[%emt 0:02:47]} Rad8 {[%emt 0:02:23]} 20. Ra1 {[%emt 0:13:24]} Nb8 {[%emt 0:04:06]} 21. c4 {[%emt 0:06:59]} c5 {[%emt 0:22:32]} 22. bxc5 {[%emt 0:01:03]} Rc8 {[%emt 0:00:19]} 23. Qb2 {[%emt 0:04:27]} bxc4 {[%emt 0:02:22]} 24. Nxe5 {[%emt 0:01:43]} Qe6 {[%emt 0:01:12]} 25. Bc3 {[%emt 0:04:10]} Nbd7 {[%emt 0:00:48]} 26. Nxd7 {[%emt 0:02:38]} Nxd7 {[%emt 0:00:09]} 27. Re3 {[%emt 0:02:45]} Nxc5 $15 {[%emt 0:02:30]} 28. Ng3 {[%emt 0:03:33]} Nd3 {[%emt 0:05:06]} 29. Qe2 {[%emt 0:00:06]} g6 {[%emt 0:04:15]} 30. Nf5 {[%emt 0:08:56]} Ra8 {[%emt 0:00:49]} 31. Rxa8 {[%emt 0:01:45]} Rxa8 {[%emt 0:00:02]} 32. Rg3 {[%emt 0:00:38]} Ra3 {[%emt 0:01:48]} 33. Bd4 {[%emt 0:04:38]} Nf4 {[%emt 0:00:19]} 34. Qb2 {[%emt 0:01:52]} Rxg3 {[%emt 0:01:02]} 35. Nxg3 {[%emt 0:00:07]} Qc6 {[%emt 0:00:40]} 36. Qd2 {[%emt 0:02:29]} Ne6 {[%emt 0:00:12]} 37. Bc3 {[%emt 0:02:29]} Qd6 {[%emt 0:00:13]} 38. Qe3 {[%emt 0:01:05]} Qd1+ {[%emt 0:00:24]} 39. Kh2 {[%emt 0:00:07]} Bc5 {[%emt 0:01:06]} 40. Qxh6 {[%emt 0:00:00]} Bd4 {[%emt 0:00:00]} 41. Bxd4 {[%emt 0:05:14]} Qxd4 {[%emt 0:02:07]} 42. Qe3 {[%emt 0:05:50]} Qe5 {[%emt 0:05:49]} 43. Qc1 {[%emt 0:01:00]} c3 {[%emt 0:01:02]} 44. Kg1 {[%emt 0:09:33]} Nf4 {[%emt 0:00:10]} 45. Qc2 {[%emt 0:00:16]} Qa5 {[%emt 0:06:35]} 46. Nf1 {[%emt 0:01:09]} Qa1 {[%emt 0:00:25]} 47. g3 {[%emt 0:00:25]} Qb2 {[%emt 0:02:38]} 48. Ne3 {[%emt 0:00:13]} Ne2+ {[%emt 0:00:28]} 49. Kg2 {[%emt 0:00:31]} Nd4 {[%emt 0:00:13]} 50. Qa4 {[%emt 0:00:24]} c2 {[%emt 0:01:04]} 51. Qe8+ {[%emt 0:00:09]} Kg7 {[%emt 0:00:33]} 52. Qe5+ {[%emt 0:00:08]} f6 {[%emt 0:00:17]} 53. Qe7+ {[%emt 0:00:28]} Kg8 {[%emt 0:00:20]} 54. Ng4 {[%emt 0:02:31]} Ne2 {[%emt 0:00:55]} 55. Nh6+ {[%emt 0:00:19]} Kh8 {[%emt 0:00:02]} 56. Nf7+ {[%emt 0:00:07]} Kg8 {[%emt 0:00:16]} 57. Nh6+ {[%emt 0:00:53]} Kh8 {[%emt 0:00:01]} 58. Qf8+ {[%emt 0:00:58]} Kh7 {[%emt 0:00:02]} 59. Qg8+ {[%emt 0:00:08]} Kxh6 {[%emt 0:00:08]} 60. Qh8+ {[%emt 0:00:04]} 1-0

[Event "Romanian-ch Women 2022"]
[Site "Eforie Nord"]
[Date "2022.02.22"]
[Round "4.2"]
[White "Trifoi, Mihaela-Ioana"]
[Black "Ciolacu, Alessia-Mihaela"]
[Result "0-1"]
[WhiteElo "1893"]
[BlackElo "2239"]
[Annotator "TA"]
[PlyCount "58"]
[EventDate "2022.02.20"]
[EventType "swiss"]
[EventCountry "ROU"]
[SourceTitle "playchess.com"]
[Source "ChessBase"]
[SourceQuality "1"]

{[%evp 10,58,38,16,19,18,20,19,29,19,22,20,34,0,3,0,0,-10,-35,-57,-16,-70,-69,-69,-70,-139,-132,-177,-168,-165,-149,-192,-63,-100,-100,-115,-77,-167,-165,-180,-175,-354,-342,-320,-239,-233,-234,-244,-225,-218,-216]} 1. e4 e5 2. Nf3 Nc6 3. Bc4 Nf6 4. d3 h6 5. Bb3 d6 6. c3 g6 {C55: Two Knights: 4 d3, 4 d4 exd4 5 e5 and Max Lange Attack.} 7. O-O Bg7 8. Re1 O-O {The position is equal.} 9. h3 Re8 10. Nbd2 Be6 11. Bc2 d5 12. exd5 {[#]} Bxd5 $146 ({Predecessor:} 12... Nxd5 13. Nc4 Bd7 14. Ba4 f6 15. Bb3 Be6 16. d4 exd4 17. Nxd4 Nxd4 18. Qxd4 Bf7 {1-0 (53) Runte,M (1862)-Ciornei,D (2118) Dortmund 2017}) 13. Ba4 Nd7 {[%cal Bf6d7,Bd7c5,Bc5d3][%mdl 32]} 14. c4 Be6 (14... Bxf3 $15 {might be stronger.} 15. Qxf3 Nd4) 15. Ne4 (15. Nb3 $11) 15... f5 $15 16. Nc3 Bf7 17. Rb1 (17. Bxc6 $15 bxc6 18. Qc2) 17... Nc5 $17 18. Be3 (18. Bxc6 $17 {was called for.} bxc6 19. Re3) 18... Nxd3 $19 {[#] Hoping for ...e4.} 19. Re2 e4 $36 {[%mdl 2048] Black is on the roll.} 20. Ne1 (20. Rd2 $17 {was worth a try.}) 20... Kh7 (20... Nde5 $19 21. Bxc6 Qxd1 22. Rxd1 bxc6) 21. Nxd3 exd3 (21... Qxd3 $2 22. Rd2 Qxc4 23. Bb3 $18) 22. Rd2 Bxc4 {aiming for ...Qd6. Black is more active.} 23. Bb5 (23. Bxc6 $17 {is a better defense.} bxc6 24. Qa4) 23... Bxb5 24. Nxb5 Ne5 {White must now prevent ...a6.} 25. Bf4 $2 {[#]} (25. f4 Qf6 26. fxe5 Qxe5 27. Nxc7 Qxc7 28. Rc1) 25... Qd7 26. Qb3 c6 27. Bxe5 {Black is clearly better.} Rxe5 ({Worse is} 27... Bxe5 28. Rxd3 Qe7 29. Rbd1 $17) 28. Rxd3 Qe7 29. Nc3 Re1+ {Weighted Error Value: White=0.30/Black=0.13 (very precise)} 0-1

[Event "Romanian-ch Women 2022"]
[Site "Eforie Nord"]
[Date "2022.02.22"]
[Round "4.3"]
[White "Baciu, Anca-Otilia"]
[Black "Peptan, Corina-Isabela"]
[Result "0-1"]
[WhiteElo "2014"]
[BlackElo "2384"]
[Annotator "NA"]
[PlyCount "58"]
[EventDate "2022.02.20"]
[EventType "swiss"]
[EventCountry "ROU"]
[SourceTitle "playchess.com"]
[Source "ChessBase"]
[SourceQuality "1"]
[TimeControl "40/5400+30:900+30"]

1. e4 {[%emt 0:00:04]} c5 {[%emt 0:00:09]} 2. Nf3 {[%emt 0:00:07]} e6 {[%emt 0:00:18]} 3. d4 {[%emt 0:00:08]} cxd4 {[%emt 0:00:06]} 4. Nxd4 {[%emt 0:00:07]} Nc6 {[%emt 0:00:03]} 5. Nc3 {[%emt 0:00:33]} Qc7 {[%emt 0:00:20]} 6. Nxc6 {[%emt 0:03:13]} bxc6 {[%emt 0:03:03]} 7. Bd3 {[%emt 0:00:11]} Nf6 {[%emt 0:00:07]} 8. O-O {[%emt 0:05:55]} Be7 {[%emt 0:08:46]} 9. Qe2 {[%emt 0:02:20]} e5 {[%emt 0:07:46]} 10. f4 {[%emt 0:06:02]} d6 {[%emt 0:00:26]} 11. Kh1 {[%emt 0:01:09]} O-O {[%emt 0:01:25]} 12. Bd2 {[%emt 0:06:11]} Rb8 {[%emt 0:17:06]} 13. b3 {[%emt 0:06:50]} exf4 {[%emt 0:03:34]} 14. Bxf4 {[%emt 0:03:24]} Ng4 {[%emt 0:01:37]} 15. Nd1 {[%emt 0:22:19]} Bf6 {[%emt 0:03:57]} 16. Rb1 {[%emt 0:00:07]} Be5 $11 {[%emt 0:14:04]} 17. Bxe5 {[%emt 0:04:08]} Nxe5 {[%emt 0:00:12]} 18. Ne3 {[%emt 0:00:08]} Re8 {[%emt 0:01:46]} 19. Qh5 {[%emt 0:13:09]} d5 {[%emt 0:17:38]} 20. exd5 {[%emt 0:09:37]} Nxd3 {[%emt 0:00:09]} 21. d6 {[%emt 0:00:05]} Qb7 {[%emt 0:02:07]} 22. Nc4 {[%emt 0:00:31]} g6 {[%emt 0:04:08]} 23. Qg5 {[%emt 0:10:59]} Nb4 {[%emt 0:02:49]} 24. d7 {[%emt 0:01:11]} Qxd7 {[%emt 0:00:31]} 25. Qf4 {[%emt 0:00:22]} Ba6 {[%emt 0:03:11]} 26. Rbd1 {[%emt 0:03:58]} Nd5 {[%emt 0:00:27]} 27. Ne5 {[%emt 0:00:18]} Nxf4 {[%emt 0:04:03]} 28. Nxd7 {[%emt 0:00:09]} Bxf1 {[%emt 0:00:04]} 29. Rxf1 {[%emt 0:00:25]} Ne6 {[%emt 0:00:30]} 0-1

[Event "Romanian-ch Women 2022"]
[Site "Eforie Nord"]
[Date "2022.02.22"]
[Round "4.4"]
[White "Hoanca, Alexia-Ioana"]
[Black "Cosma, Elena-Luminita"]
[Result "0-1"]
[WhiteElo "1710"]
[BlackElo "2281"]
[Annotator "NA"]
[PlyCount "80"]
[EventDate "2022.02.20"]
[EventType "swiss"]
[EventCountry "ROU"]
[SourceTitle "playchess.com"]
[Source "ChessBase"]
[SourceQuality "1"]
[TimeControl "40/5400+30:900+30"]

1. e4 {[%emt 0:00:02]} e6 {[%emt 0:00:05]} 2. d3 {[%emt 0:00:07]} d5 {[%emt 0:00:09]} 3. Nd2 {[%emt 0:00:06]} Nf6 {[%emt 0:00:10]} 4. Ngf3 {[%emt 0:00:13]} a5 {[%emt 0:00:09]} 5. e5 {[%emt 0:04:02]} Nfd7 {[%emt 0:00:07]} 6. d4 {[%emt 0:00:06]} c5 {[%emt 0:00:25]} 7. c3 {[%emt 0:00:21]} Nc6 {[%emt 0:02:16]} 8. Bd3 {[%emt 0:00:53]} cxd4 {[%emt 0:04:33]} 9. cxd4 {[%emt 0:01:32]} Qb6 {[%emt 0:10:20]} 10. O-O {[%emt 0:02:04]} Be7 {[%emt 0:01:38]} 11. Re1 {[%emt 0:02:20]} h6 {[%emt 0:08:22]} 12. a3 {[%emt 0:04:23]} (12. a4 $11 {might be stronger.}) 12... Nxd4 $11 {[%emt 0:07:31]} (12... g5 $1 $15) 13. Nxd4 {[%emt 0:02:36]} Qxd4 {[%emt 0:00:05]} 14. Nf3 {[%emt 0:00:31]} Qb6 {[%emt 0:00:14]} 15. Be3 {[%emt 0:02:59]} Bc5 {[%emt 0:01:50]} 16. Rb1 {[%emt 0:02:23]} Bxe3 {[%emt 0:26:04]} 17. Rxe3 {[%emt 0:00:32]} O-O {[%emt 0:00:41]} 18. Ng5 {[%emt 0:27:59]} f5 {[%emt 0:10:47]} 19. exf6 {[%emt 0:06:14]} Nxf6 {[%emt 0:00:05]} 20. Nf3 {[%emt 0:05:16]} Ng4 {[%emt 0:01:56]} 21. Re2 {[%emt 0:07:34]} Qd6 {[%emt 0:01:14]} 22. Rd2 {[%emt 0:05:26]} Bd7 {[%emt 0:01:47]} 23. h3 {[%emt 0:08:30]} Ne5 {[%emt 0:01:53]} 24. Nxe5 {[%emt 0:00:23]} Qxe5 {[%emt 0:00:04]} 25. Qe2 {[%emt 0:05:07]} Qxe2 {[%emt 0:00:59]} 26. Bxe2 {[%emt 0:00:47]} Rac8 {[%emt 0:00:51]} 27. Re1 {[%emt 0:00:34]} Rf6 {[%emt 0:01:49]} 28. Bg4 {[%emt 0:00:47]} Kf7 {[%emt 0:00:45]} 29. Rde2 {[%emt 0:01:17]} Ke7 {[%emt 0:00:35]} 30. f4 {[%emt 0:06:10]} Kd6 {[%emt 0:01:19]} 31. f5 {[%emt 0:00:10]} exf5 {[%emt 0:00:44]} 32. Bf3 {[%emt 0:00:06]} Re6 {[%emt 0:01:24]} 33. Rxe6+ {[%emt 0:01:07]} Bxe6 {[%emt 0:00:06]} 34. g4 {[%emt 0:00:07]} Rc2 {[%emt 0:02:58]} 35. gxf5 {[%emt 0:02:28]} Bxf5 {[%emt 0:00:09]} 36. Rd1 {[%emt 0:00:10]} Be6 {[%emt 0:00:29]} 37. b4 {[%emt 0:00:32]} Rc3 {[%emt 0:01:31]} 38. Bg2 {[%emt 0:00:43]} Rxa3 {[%emt 0:00:23]} 39. bxa5 {[%emt 0:00:07]} Rxa5 {[%emt 0:00:09]} 40. Rb1 {[%emt 0:00:00]} b5 {[%emt 0:00:00]} 0-1

[Event "Romanian-ch Women 2022"]
[Site "Eforie Nord"]
[Date "2022.02.22"]
[Round "4.5"]
[White "Nikanova, Ekaterina"]
[Black "Ionescu, Irina"]
[Result "1/2-1/2"]
[WhiteElo "1935"]
[BlackElo "2131"]
[Annotator "TA"]
[PlyCount "52"]
[EventDate "2022.02.20"]
[EventType "swiss"]
[EventCountry "ROU"]
[SourceTitle "playchess.com"]
[Source "ChessBase"]
[SourceQuality "1"]

{[%evp 15,52,24,30,23,20,24,43,4,16,0,21,13,16,16,0,0,17,0,10,-5,0,-35,-28,-40,-45,-60,-45,-52,5,5,2,10,22,27,36,12,17,20,14]} 1. e4 e5 2. Nf3 Nf6 3. Nxe5 d6 4. Nf3 Nxe4 5. Nc3 Nxc3 6. dxc3 Be7 7. Be3 Nc6 8. Qd2 Be6 9. a3 {C42: Petroff Defence: 3 Nxe5 and unusual White 3rd moves.} Qd7 10. O-O-O O-O-O {[#]} 11. Bb5 $146 {[%cal Oe3a7] Black should prevent Bxa7! White is slightly better.} ({Predecessor:} 11. Ng5 Bf6 12. Nxe6 fxe6 13. g4 g6 14. h4 h5 15. g5 Bg7 16. Bd3 Qf7 17. Bb5 {1-0 (54) Ovod,E (2362)-Antova,G (2314) Moscow 2019}) 11... a6 12. Be2 h6 13. Nd4 (13. Rhe1 {looks sharper.} Bf6 14. Nd4 Bd5 15. f3 Rhe8 16. c4) 13... Nxd4 14. Qxd4 c5 15. Qd2 ({Avoid the trap} 15. Qxg7 $2 Rdg8 16. Qxh8 Rxh8 $19) 15... d5 16. Bf3 Qa4 {[%cal Od5d4] Hoping for ...d4!} 17. h4 Rd7 18. Kb1 Rhd8 19. Qe2 d4 20. cxd4 cxd4 ({Don't play} 20... Bc4 21. Qe1 $16) 21. Bc1 Bf5 (21... d3 $1 $15 22. Rxd3 Rxd3 23. cxd3 Kb8) 22. Be4 $11 Bxe4 23. Qxe4 Qb5 24. Rd3 Bf6 25. g3 Re7 26. Qf3 {[%cal Oc1h6]} Qc6 {Weighted Error Value: White=0.10 (very precise) /Black=0.11 (very precise)} 1/2-1/2

[Event "Romanian-ch Women 2022"]
[Site "Eforie Nord"]
[Date "2022.02.22"]
[Round "4.6"]
[White "Cosman, Andreea-Marioara"]
[Black "Obada, Ema"]
[Result "1/2-1/2"]
[WhiteElo "2127"]
[BlackElo "2010"]
[Annotator "TA"]
[PlyCount "43"]
[EventDate "2022.02.20"]
[EventType "swiss"]
[EventCountry "ROU"]
[SourceTitle "playchess.com"]
[Source "ChessBase"]
[SourceQuality "1"]

{[%evp 18,43,19,18,18,23,33,0,13,6,18,-9,-10,-8,-8,-10,-6,-39,0,-22,0,0,0,-39,0,-39,-10,-59]} 1. d4 e6 2. c4 Nf6 3. g3 Bb4+ 4. Bd2 Qe7 5. Bg2 O-O 6. Nf3 Bxd2+ 7. Nbxd2 d5 8. O-O b6 9. Qc2 Bb7 10. Rac1 {Threatens to win with cxd5.} Na6 {[%cal Bb8a6,Ba6c7,Bc7e6][%mdl 32] E16: Queen's Indian: 4 g3 Bb7 5 Bg2 Bb4+.} 11. Ne5 c5 12. cxd5 exd5 13. e3 Rac8 {[#] And now ...cxd4 would win.} 14. Qb1 $146 ({Predecessor:} 14. Qa4 Rfd8 15. Rfd1 Qe8 16. Qa3 Ne4 17. Nxe4 dxe4 18. Bf1 cxd4 19. Rxc8 Bxc8 20. exd4 {1-0 (28) Markiewicz,M (1851)-Staniak,M (1794) Warsaw 2016}) 14... Nc7 15. Ndf3 Ne6 16. dxc5 bxc5 17. Qd3 Rfd8 (17... c4 $5 {[%cal Rc4d3]} 18. Qd1 Nc5 $11) 18. Rfd1 Qd6 19. Qa3 Qb6 20. Nd3 Ne4 21. Bh3 Rc7 22. Nde5 {Weighted Error Value: White=0.16 (very precise) /Black=0.14 (very precise)} (22. Qb3 $11) 1/2-1/2